000 00589nam a22002057a 4500
003 OSt
005 20251125115805.0
008 251125b |||||||| |||| 00| 0 eng d
020 _a13 : 978-0-495-24483-7.
040 _cCL
082 _2International Student ed.
100 _aSOUTAS-LITTLE, ROBERT W.
245 _aEngineering mechanics statics /
250 _aInternational Student ed.
260 _aCanada :
_bThomson,
_cc2008.
300 _ax, 473 p.
_b: ill. ;
_c 25 cm.
504 _aIncludes index.
650 _21. Applied mechanics. 2.Statics.
942 _2ddc
_cBK-CIRC
_n0
999 _c6256
_d6256